Hidden Words in Country Names - Statistics

General Stats
  • This quiz has been taken 141 times
  • The average score is 6 of 16
Answer Stats
Word # Letters Country % Correct
WAND 6 Rwanda
81%
HUT 6 Bhutan
71%
LAYS 8 Malaysia
69%
HAIL 8 Thailand
48%
SWAN 8 Botswana
47%
OVEN 8 Slovenia
43%
RUN 7 Burundi
38%
LIP 11 Philippines
34%
HAM 7 Bahamas
31%
WIT 11 Switzerland
31%
MINI 8 Dominica
28%
TON 7 Estonia
26%
BAG 17 Trinidad and Tobago
24%
TUG 8 Portugal
22%
CAR 9 Nicaragua
16%
GAP 9 Singapore
11%
No matching quizzes found
Score Distribution
Percent of People with Each Score
Percentile by Number Answered
Your Score History
You have not taken this quiz